书目信息 |
| 题名: |
中国传统法律文化研究
|
|
| 作者: | 曾宪义 总主编 ;夏锦文 卷主编 | |
| 分册: | 第七卷 冲突与转型 | |
| 出版信息: | 北京 中国人民大学出版社 2011.02 |
|
| 页数: | 858页 | |
| 开本: | 25cm | |
| 丛书名: | ||
| 单 册: | ||
| 中图分类: | D929 , D929.5 | |
| 科图分类: | ||
| 主题词: | 法律--文化--研究--中国 , 法制史--研究--中国--近现代 , 法律 , 法制史 | |
| 电子资源: | ||
| ISBN: | 978-7-300-12978-5 | |
| 000 | 01317nam0 2200325 450 | |
| 001 | 010700105369 | |
| 005 | 20130626091230.81 | |
| 010 | @a978-7-300-12978-5@b精装@dCNY198.00,CNY1980.00(全10册) | |
| 100 | @a20110512d2011 em y0chiy50 ea | |
| 101 | 0 | @achi |
| 102 | @aCN@b110000 | |
| 105 | @ay z 000yy | |
| 106 | @ar | |
| 200 | 1 | @a中国传统法律文化研究@9zhong guo chuan tong fa lu^ wen hua yan jiu@h第七卷@i冲突与转型@e近现代中国的法律变革@f曾宪义总主编@g夏锦文本卷主编 |
| 210 | @a北京@c中国人民大学出版社@d2011.02 | |
| 215 | @a858页@d25cm | |
| 300 | @a“十一五”国家重点图书出版规划 教育部哲学社会科学研究重大课题攻关项目资助 | |
| 304 | @a中国人民大学法律文化研究中心,曾宪义法学教育与法律文化基金会组织编写 | |
| 330 | @a本书共分为三编十九章,主要内容包括:西学东渐:中西方法律冲突的背景及过程;西方法律文化的冲击与传统中国法的命运;冲突中的法文化抉择;走向宪政之路:以“预备立宪”为开端等。 | |
| 517 | 1 | @a近现代中国的法律变革@9jin xian dai zhong guo de fa lu^ bian ge |
| 606 | 0 | @a法律@x文化@x研究@y中国 |
| 606 | 0 | @a法制史@x研究@y中国@z近现代 |
| 606 | 0 | @a法律 |
| 606 | 0 | @a法制史 |
| 690 | @aD929@v4 | |
| 690 | @aD929.5@v4 | |
| 701 | 0 | @a曾宪义@9zeng xian yi@4总主编 |
| 702 | 0 | @a夏锦文@9xia jin wen@4卷主编 |
| 801 | 0 | @aCN@bRENTIAN@c20110512 |
| 905 | @b544417-21@dD929@e401:7@f5 | |
| 中国传统法律文化研究.第七卷.冲突与转型:近现代中国的法律变革/曾宪义总主编/夏锦文本卷主编.-北京:中国人民大学出版社,2011.02 |
| 858页;25cm |
| “十一五”国家重点图书出版规划 教育部哲学社会科学研究重大课题攻关项目资助 |
| ISBN 978-7-300-12978-5(精装):CNY198.00,CNY1980.00(全10册) |
| 本书共分为三编十九章,主要内容包括:西学东渐:中西方法律冲突的背景及过程;西方法律文化的冲击与传统中国法的命运;冲突中的法文化抉择;走向宪政之路:以“预备立宪”为开端等。 |
| ● |
| 相关链接 |
|
|
|
|
正题名:中国传统法律文化研究
索取号:D929/401:7
 
预约/预借
| 序号 | 登录号 | 条形码 | 馆藏地/架位号 | 状态 | 备注 |
| 1 | 544417 | 205444170 | 第一样本阅览室/ [索取号:D929/401:7] | 在馆 | |
| 2 | 544418 | 205444189 | 第一借阅区/ [索取号:D929/401:7] | 在馆 | |
| 3 | 544419 | 205444198 | 第一借阅区/ [索取号:D929/401:7] | 在馆 | |
| 4 | 544420 | 205444205 | 密集书库-史法系/ [索取号:D929/401:7] | 在馆 | |
| 5 | 544421 | 205444214 | 第一借阅区/ [索取号:D929/401:7] | 在馆 |